000
00204nam a22000857a 4500
001
1243202
005
20251016112554.0
245
_a
DİKKAT KIRILACAK EŞYA
_c
SEMİH GÜMÜŞ
260
_b
GÜNIŞIĞI YAYINLARI
999
_c
1243202
_d
1243202